Регионална библиотека "Любен Каравелов" - Русе

Англо-български тематичен речник (Запис номер 36772)

MARC детайли
000 -Лидер
Контролно поле с фиксирана дължина 01503nam a2200325 c 4500
003 - Код на организацията, давaща контролен номер
Контролно поле BLK
005 - Дата и час на последна редакция
Контролно поле 20180422100458.0
008 - Елементи от данни с фиксирана дължина
fixed length control field 180408b bul|||||r ||||||| ||bul||
010 ## - Наследен системен номер
LC control number KNG00039890000
040 ## - Източник на каталожния запис
Идентификатор на билиотеката - собственик на записа BLK
041 ## - Код за език
Код за езика на текст/звукозапис или на отделно заглавие Английски
Код за езика КДБФ Английски
Други езици Български
080 ## - УДК
Текстов определител УДК Лексикология. Езикови речници и разговорници. Лексикография
УДК код - определител по УДК 81`374
УДК определител =111=163.2
УДК - код + определител 81`374=111=163.2
100 1# - Редна дума - Автор
Автор Алексиева, Маргарита Панчова
Авторска отговорност първи автор
R(LIN) 275124
139 ## - Редно поле
Редна дума Алексиева, Маргарита Панчова и др.
Авторски знак Алекси - А 52
245 10 - Сведения за заглавието
Заглавие Англо-български тематичен речник
Редно поле (дума) Маргарита Панчова Алексиева; съавт. Боян Василев Атанасов; съавт. Марджъри Г. Пожарлиева.
257 ## - Страна на издаване
Страна на създаване/издаване България
260 ## - Област на издателските данни
-- София
Име на издателя, разпространителя и проч. Нар. просв.
Година на издаване 1969
300 ## - Физическа характеристика
Страници 559 с.
Размери/Мащаб 21 см
380 ## - Жанр
Жанр Езикознание. Филология
650 #4 - Допълнително описание по предмет – тема
Основно описание – тема или топоним Английски език - речници, английско-български, тематични
9 (RLIN) 275126
653 ## - Ключова дума – ненормативна
Ключова дума английско-български речници
653 ## - Ключова дума – ненормативна
Ключова дума тематични речници
700 1# - Други автори (авторска отговорност)
Лично име Атанасов, Боян Василев
Автороска отговорност (Описва отношението между автора и произведението) съавт.
9 (RLIN) 367302
700 1# - Други автори (авторска отговорност)
Лично име Пожарлиева, Марджъри Г.
Автороска отговорност (Описва отношението между автора и произведението) съавт.
9 (RLIN) 275125
852 ## - Местоположение
Форматна сигнатура Цб 52319
856 4# - Електронен адрес и достъп
Електронен формат pdf - файл
Път до файла /url/
856 4# - Електронен адрес и достъп
Електронен формат pdf - файл
Път до файла /url/
942 ## - АРТИКУЛИ
Вид на библиотечния материал Книги
Скрит в OPAC Не
944 ## - СЪЗДАВАНЕ И РЕДАКЦИЯ на ЗАПИСА
Създаване/Редакция Създаване
Дата на регистрацията/редакция 15.01.2003
Служител, извършил регистрацията/редакцията Валентина_Караджова
944 ## - СЪЗДАВАНЕ И РЕДАКЦИЯ на ЗАПИСА
Създаване/Редакция Редакция
Дата на регистрацията/редакция 18.08.2011
Служител, извършил регистрацията/редакцията
999 ## - СИСТЕМНИ КОНТРОЛНИ НОМЕРА
Koha biblionumber 36772
Koha biblioitemnumber 36772
Наличности
Код за отписване Код за изгубен артикул Код за повреда Коз за рестрикции Код за отдаване Артикулен № Име на библиотеката - собственик Име на библиотеката, в която се намира в момента Статус (Текущо местоположение) Дата на вписване в системата Местоположение - отдел Цена в лева Инвентарен номер Систематично азбучна сигнатура Баркод Номер на екземпляра Цена в евро Служебна бележка Служебен тип на артикула Източник на класификационната схема
Изтеглен Не е изгубен Не е повреден без рестрикции ползва се в читалня 57839 Регионална библиотека "Любен Каравелов" Русе Регионална библиотека "Любен Каравелов" Русе Читалня 3 - справочен фонд 1969-01-01 Читалня 3 - справочен фонд 0.00 68197 С3/801.323.2/А 52 68197 1 0.00 Дост: Pk Вид: Ф N: стар фонд Дата: 01.01.1969 Дата инв: 12.06.2017 Бележки инв: С32017 Книги  
  Не е изгубен Не е повреден без рестрикции ползва се в читалня 57840 Регионална библиотека "Любен Каравелов" Русе Регионална библиотека "Любен Каравелов" Русе Хранилище 1969-01-01 Хранилище 2.16 65136 Цб 52319 120000065136 2 1.10 Дост: Dp Вид: Д N: стар фонд Дата: 01.01.1969 Книги Universal Decimal Classification
Vip Innovations Ltd, Rousse, Bulgaria 2025